000
00277nam a2200109Ia 4500
008
190907s9999||||xx |||||||||||||| ||und||
100
_a
Conner, Niguidula,
245
0
_a
Object Oriented Programming in Pascal
260
_a
USA
_b
Famous Books
_c
1995
300
_a
616
942
_c
BK
999
_c
6466
_d
6466